Zásady úvěrování podnikatelů.

Vo všeobecnej zákonnej úprave a často ani v úverových podmienkach jednotlivých bánk nie je pre žiadateľa o úver ľahké orientovať sa. Pokus priblížiť uvedenú problematiku prostredníctvom základných zásad, ktoré prestupujú celý obchod - od podania žiadosti až po zaplatenie pohľadávky. Charakteristika...

ver descrição completa

Na minha lista:
Detalhes bibliográficos
Autor principal: Odstrčilová, L.
Formato: Capítulo de Livro
Idioma:tcheco
Assuntos:
Tags: Adicionar Tag
Sem tags, seja o primeiro a adicionar uma tag!

MARC

LEADER 00000naa a2200000 4500
001 r009634
005 20220831084243.2
041 0 |a cze 
044 |a [CS] 
245 1 0 |a Zásady úvěrování podnikatelů.  |c L. Odstrčilová 
520 |a Vo všeobecnej zákonnej úprave a často ani v úverových podmienkach jednotlivých bánk nie je pre žiadateľa o úver ľahké orientovať sa. Pokus priblížiť uvedenú problematiku prostredníctvom základných zásad, ktoré prestupujú celý obchod - od podania žiadosti až po zaplatenie pohľadávky. Charakteristika zásady zmluvnosti, priamosti, zúročiteľnosti, termínovosti, účelovosti a zásady zabezpečenosti. 
610 2 0 |a úver 
610 2 0 |a úverovanie 
610 2 0 |a úrok 
610 2 0 |a banky 
610 2 0 |a podnikatelia 
610 2 0 |a zákony 
100 1 |a Odstrčilová, L.